| 000 | 00732nam a2200253Ia 4500 | ||
|---|---|---|---|
| 003 | OSt | ||
| 005 | 20220927105128.0 | ||
| 006 | a|||||r|||| 00| 0 | ||
| 007 | ta | ||
| 008 | 220926b |||||||| |||| 00| 0 eng d | ||
| 024 | _a159507 | ||
| 037 | _cReference Collections | ||
| 040 |
_aRTL _cRTL _beng |
||
| 041 |
_2eng _aeng |
||
| 082 | _a"X71.211.N86, M6" | ||
| 110 | _aTAMIL NADU (Govt. of-) | ||
| 245 | 0 |
_aBudget 1986-87 _b Detailed demands for grants |
|
| 260 |
_aMadras _bFinance Deppt. _c1986 |
||
| 300 |
_a237p _ccm. |
||
| 500 | _aVarious pagination volumewise | ||
| 700 | _aTAMIL NADU (Govt. of-) | ||
| 942 |
_h"X71.211.N86, M6" _cCC |
||
| 999 |
_c690819 _d690819 |
||